Urban Sociology (Record no. 45191)

MARC details
000 -LEADER
fixed length control field 00436nam a2200181Ia 4500
008 - FIXED-LENGTH DATA ELEMENTS--GENERAL INFORMATION
fixed length control field 220531s9999 xx 000 0 und d
041 ## - LANGUAGE CODE
Language code of text/sound track or separate title eng
082 ## - DEWEY DECIMAL CLASSIFICATION NUMBER
Item number URB / ANJ
100 ## - MAIN ENTRY--PERSONAL NAME
Personal name Anjum, S. M.
9 (RLIN) 81894
245 ## - TITLE STATEMENT
Title Urban Sociology
250 ## - EDITION STATEMENT
Edition statement 1ST
260 ## - PUBLICATION, DISTRIBUTION, ETC. (IMPRINT)
Place of publication, distribution, etc. Delhi
Name of publisher, distributor, etc. Globus Press
Date of publication, distribution, etc. 2016
300 ## - PHYSICAL DESCRIPTION
Extent 256
542 ## - INFORMATION RELATING TO COPYRIGHT STATUS
Copyright holder 28-03-2018
650 ## - SUBJECT ADDED ENTRY--TOPICAL TERM
Topical term or geographic name as entry element Urban Sociology
9 (RLIN) 81895
906 ## - LOCAL DATA ELEMENT F, LDF (RLIN)
d 2017-2018
f 12349
Holdings
Withdrawn status Lost status Source of classification or shelving scheme Damaged status Not for loan Collection code Home library Current library Date acquired Vendor Cost, normal purchase price Total Checkouts Total Holds Full call number Barcode Date last seen Cost, replacement price Bill Date Koha item type Original Barcode
    Dewey Decimal Classification       Shri Siddhivinayak Mahila Mahavidyalaya Shri Siddhivinayak Mahila Mahavidyalaya 31/03/2018 Sagar 1195.00   1 /URB/ANJ/B/21730 SSMM-BK-21730 06/08/2022 1195.00 06/08/2022 Books 010021730